Countries that Visit Lebanon the Most - Statistics

General Stats
  • This quiz has been taken 1,402 times
  • The average score is 8 of 10
Answer Stats
Rank Country # of visitors % Correct
2 France 117,688
93%
3 United States 103,483
93%
9 Saudi Arabia 40,958
83%
8 United Kingdom 48,504
83%
6 Egypt 63,578
80%
4 Jordan 78,018
76%
5 Canada 71,841
75%
7 Germany 61,123
75%
1 Iraq 141,987
74%
10 Brazil 13,603
51%
No matching quizzes found
Score Distribution
Percent of People with Each Score
Percentile by Number Answered
Your Score History
You have not taken this quiz